| 000 | 00541nam a22001817a 4500 | ||
|---|---|---|---|
| 005 | 20260428083501.0 | ||
| 008 | 260428b |||||||| |||| 00| 0 eng d | ||
| 040 | _aDLSCC | ||
| 041 | _aasm | ||
| 041 | _aeng | ||
| 110 |
_aASSEB _bAccountancy |
||
| 245 | _aHS 1st Year Accountancy 2026. | ||
| 260 |
_aAssam: _bAssam State School Education Board; _c2026. |
||
| 300 | _a16p. | ||
| 650 | _aAccountancy | ||
| 856 |
_uhttps://drive.google.com/file/d/1wd8b1-DbZXHZMjvoDgykKFG9MA5OZW7M/view?usp=sharing _yCLICK TO VIEW ONLINE |
||
| 942 |
_2ddc _cQP |
||
| 999 |
_c16434 _d16434 |
||